El pensamiento de Bergson

Uloženo v:
Podrobná bibliografie
Hlavní autor: Barlow, Michel (Autor)
Médium: Kniha
Jazyk:španělština
Vydáno: Ciudad de México Fondo de Cultura Económica 1968
Edice:Breviarios del Fondo de Cultura Económica, 202
Témata:
Tagy: Přidat tag
Žádné tagy, Buďte první, kdo vytvoří štítek k tomuto záznamu!

MARC

LEADER 00000nam a2200000 a 4500
001 UCX2983
003 CL-VaPUC
008 910912e19680000MX |||||||||||||||||spa|d
082 0 4 |a 143  |b BAR  |2 21 
100 0 |a Barlow, Michel  |e author  |9 319115 
245 1 3 |a El pensamiento de Bergson 
300 |a 149 p 
942 |c BK 
945 |d 19910912 00:00:00 
260 |a Ciudad de México  |b Fondo de Cultura Económica  |c 1968 
600 0 |a Bergson, Henri-Louis  |9 318450 
583 |a last modification  |c 19910912 00:00:00  |k Rodrigo Vera 
490 0 |a Breviarios del Fondo de Cultura Económica, 202 
999 |c 223876  |d 223874 
952 |0 0  |1 0  |4 0  |6 143_000000000000000_BAR_1968  |7 0  |8 A  |9 220108  |a BIBEDU  |b BIBEDU  |d 2019-11-15  |i 2887754  |o 143 BAR 1968  |p 2887754  |r 2019-11-15  |w 2019-11-15  |y BK  |k FIL 
952 |0 0  |1 0  |4 0  |6 143_000000000000000_BAR_1968  |7 0  |8 A  |9 220109  |a BIBEDU  |b BIBEDU  |d 2019-11-15  |i 1583565  |o 143 BAR 1968  |p 1583565  |r 2019-11-15  |w 2019-11-15  |y BK  |k FIL